Nastolenie demokracie pomocou tranzitívnej spravodlivosti - prípad Kolumbie

Koncept tranzitívnej spravodlivosti. Korene súčasných konfliktov v Kolumbii. Úsilie o nastolenie zodpovednosti, uznanie viny a nápravu. Rola Medzinárodného centra pre tranzitívnu spravodlivosť (ICTJ) v prípade Kolumbie. Súčasná politická a bezpečnostná situácia v krajine.

Salvato in:
Dettagli Bibliografici
Autore principale: Krupová, Kristína, 1993-
Natura: Capitolo di libro
Lingua:slovacco
Soggetti:
Tags: Aggiungi Tag
Nessun Tag, puoi essere il primo ad aggiungerne!!

MARC

LEADER 00000naa$a2200000$$$4500
001 0257506
005 20240502074103.1
041 0 |a slo 
044 |a SK 
245 1 0 |a Nastolenie demokracie pomocou tranzitívnej spravodlivosti - prípad Kolumbie  |c Kristína Krupová 
520 |a Koncept tranzitívnej spravodlivosti. Korene súčasných konfliktov v Kolumbii. Úsilie o nastolenie zodpovednosti, uznanie viny a nápravu. Rola Medzinárodného centra pre tranzitívnu spravodlivosť (ICTJ) v prípade Kolumbie. Súčasná politická a bezpečnostná situácia v krajine. 
610 2 0 |a spravodlivosť 
610 2 0 |a konflikty 
610 2 0 |a mier 
610 2 0 |a demokracia 
610 2 0 |a Kolumbia 
100 1 |a Krupová, Kristína, 1993-